Managing Your Time (Record no. 2330)

MARC details
000 -LEADER
fixed length control field 00230nam a22000857a 4500
008 - FIXED-LENGTH DATA ELEMENTS--GENERAL INFORMATION
fixed length control field 160712b xxu||||| |||| 00| 0 eng d
100 ## - MAIN ENTRY--PERSONAL NAME
9 (RLIN) 2680
Personal name Engstrom, T.W., et al
245 ## - TITLE STATEMENT
Title Managing Your Time
260 ## - PUBLICATION, DISTRIBUTION, ETC. (IMPRINT)
Place of publication, distribution, etc. Michigan
Name of publisher, distributor, etc. Zondervan
Date of publication, distribution, etc. 1975
Holdings
Withdrawn status Lost status Source of classification or shelving scheme Damaged status Not for loan Home library Current library Shelving location Date acquired Total Checkouts Full call number Barcode Date last seen Price effective from Koha item type
    Dewey Decimal Classification     Good Samaritan School Library Good Samaritan School Library PSYCHOLOGY 07/12/2016   150 ENG3268 07/12/2016 07/12/2016 BOOK

Powered by Koha